Into the ice : Sharifah Mazlina a woman's journey into the antartic.
| Corporate Author: | |
|---|---|
| Format: | Book |
| Published: |
Kuala Lumpur:
Uneedis,
2005.
|
| Subjects: |
| LEADER | 00462cam a2200145 7i4500 | ||
|---|---|---|---|
| 001 | 0000016180 | ||
| 005 | 20050921090000.0 | ||
| 020 | 0 | 0 | |a 983-41975-1-9 |
| 090 | 0 | 0 | |a M 998 |b CHA |
| 110 | 1 | 0 | |a Charly Bernice |
| 245 | 0 | 0 | |a Into the ice : |b Sharifah Mazlina a woman's journey into the antartic. |
| 260 | 0 | 0 | |a Kuala Lumpur: |b Uneedis, |c 2005. |
| 300 | # | # | |a 133p. |
| 650 | 0 | 0 | |a Arctic regional -- |x Discovery and exploration |
| 999 | |a 0000017205 |b Book |c Malaysia |e Business Information Centre | ||


